Loading...
| Literature - American Literature | 0 | 2 | 0 | 0 | 20 | 77 | 84.50 | 0 | 1 |
| Current Events | 0 | 2 | 0 | 0 | 20 | 46 | 54.00 | 0 | 1 |
| Social Science | 0 | 2 | 1 | 0 | 15 | 41 | 48.50 | 0 | 1 |
| Philosophy | 0 | 2 | 1 | 1 | 15 | 85 | 93.00 | 0 | 0 |
| History - European History | 0 | 1 | 0 | 0 | 10 | 67 | 67.00 | 0 | 0 |
| Geography | 0 | 1 | 0 | 1 | 10 | 75 | 75.00 | 0 | 1 |
| Mythology | 0 | 1 | 0 | 1 | 10 | 110 | 110.00 | 0 | 0 |
| Fine Arts - Other Fine Arts | 0 | 1 | 0 | 0 | 10 | 68 | 68.00 | 1 | 1 |
| Religion | 0 | 1 | 0 | 0 | 10 | 108 | 108.00 | 0 | 0 |
| Science - Physics | 0 | 1 | 0 | 0 | 10 | 79 | 79.00 | 0 | 0 |
| History - American History | 0 | 1 | 0 | 0 | 10 | 21 | 21.00 | 1 | 1 |
| Science - Biology | 0 | 1 | 1 | 0 | 5 | 93 | 93.00 | 0 | 0 |
| Literature - European Literature | 0 | 1 | 1 | 0 | 5 | 96 | 96.00 | 0 | 1 |
| Literature - World Literature | 0 | 1 | 1 | 0 | 5 | 51 | 51.00 | 1 | 1 |
| Science - Other Science | 0 | 1 | 1 | 0 | 5 | 73 | 73.00 | 0 | 1 |
| Painting/Sculpture | 0 | 1 | 1 | 1 | 5 | 99 | 99.00 | 0 | 0 |
| History - Other History | 0 | 0 | 1 | 0 | -5 | 0.00 | 0 | 0 |